200 suosituinta miesten nimeä alkukirjaimella J - Statistics

Yleistilastot
  • Tätä visaa on pelattu 398 kertaa
  • Keskiarvotulos 78 / 200
Vastaustilastot
% Oikein
Jaan
99%
Jan
99%
John
96%
Jon
96%
Juha
94%
Jaakko
91%
Jari
91%
Jere
91%
Johan
91%
Johann
91%
Jona
91%
Jonah
91%
Joona
91%
Juhan
91%
Jani
90%
Janne
89%
Johnny
86%
Joni
86%
Jony
86%
Juhani
84%
Jukka
82%
Jeremi
81%
Jeremy
81%
Johannes
81%
Jonas
81%
Joonas
81%
Jorma
81%
Jarkko
80%
Jarmo
79%
Jeremia
79%
Jeremiah
79%
Jeremias
79%
Jarno
78%
Jim
78%
Jonne
78%
Juuso
78%
Jalmar
77%
Jussi
77%
Jesse
76%
Jalmari
75%
Jimi
75%
Jimmy
75%
Juho
75%
Jyri
74%
Jori
73%
Jiri
71%
Jonatan
71%
Jonathan
71%
Joonatan
71%
Jouni
71%
Julius
71%
Jyrki
70%
Joe
69%
Jami
68%
Jasper
68%
Jesper
67%
Joel
66%
Jooel
66%
Joose
65%
Jouko
62%
Juhana
61%
Jaako
59%
Jose
59%
José
59%
Joa
58%
Jooa
58%
Jare
57%
Jonni
57%
Jonny
57%
Justus
57%
Jaska
55%
Jaakob
52%
Jacob
52%
Jakob
52%
Jalo
49%
Joosef
47%
Josef
47%
Joseph
47%
Juha-Pekka
46%
Jaakoppi
45%
Jasperi
45%
Jesperi
43%
Jore
42%
Juha-Matti
42%
Jali
41%
Jari-Pekka
41%
Jaro
41%
Joachim
39%
Joacim
39%
Joakim
39%
Joosua
37%
Joshua
37%
Josua
37%
Jukka-Pekka
37%
Jokke
36%
Juri
36%
James
35%
Jooseppi
35%
Jaakkima
34%
Jack
34%
Jacques
34%
Julle
34%
Jone
31%
Jari-Matti
29%
Jeri
28%
Jasu
27%
Jens
27%
Jerri
27%
Jerry
27%
Jaajo
26%
Jake
26%
Juno
26%
Jiro
25%
Jasse
24%
Julian
24%
Jarko
23%
Jermu
23%
Jarl
22%
Juho-Pekka
22%
Jussi-Pekka
22%
Jani-Pekka
21%
Jirko
20%
Jan-Erik
19%
Jean
19%
Jetro
19%
Juan
19%
Jakke
18%
Jani-Petteri
18%
Jorge
18%
Jero
17%
Jomi
16%
Jouka
16%
Juho-Matti
16%
Jusa
16%
Jeppe
15%
Juhanpoika
14%
Juuse
13%
Jyry
13%
Jaakonpoika
11%
Jaani
11%
Jemi
11%
Joska
11%
Jousia
11%
Janne-Pekka
10%
Joeli
10%
Jackson
9%
Jannenpoika
9%
Jarinpoika
9%
Jason
9%
Jörgen
9%
Juhaninpoika
9%
Juhonpoika
9%
Jukanpoika
9%
Junnu
9%
Jürgen
9%
Jussinpoika
9%
Justin
9%
Jama
8%
Jamie
8%
Jirka
8%
Jouninpoika
8%
Juha-Petri
8%
Javier
7%
Jura
7%
Jamal
6%
Jamiel
6%
Jamil
6%
Jan-Henrik
6%
Jan-Peter
6%
Jerome
6%
Josi
6%
Juha-Petteri
6%
Janinpoika
5%
Juska
5%
Jymy
5%
Jax
4%
Jay
4%
Jordan
4%
Jules
4%
Jan-Mikael
3%
Jan-Olof
3%
Jayden
3%
Jerker
3%
Jevgeni
3%
Jupiter
3%
Jussa
3%
Jan-Kristian
2%
Jaroslav
2%
Jedi
2%
Josia
2%
Junior
2%
Jan-Anders
1%
Jaron
1%
Jeffrey
1%
Jussi-Petteri
1%
Janiel
0%
Jasim
0%
Jasin
0%
Jawad
0%
Joar
0%
Ehtoja vastaavia visoja ei löytynyt
Tulosjakauma
Jokaisen tuloksen saaneiden osuus
Persentiili vastausten määrän mukaan
Tuloshistoriasi
Et ole pelannut tätä visaa